[Event "Asia-ch U20"]
[Site "Waskaduwa"]
[Date "2021.12.19"]
[Round "4"]
[White "Gunaweera, Geenuka Kavinu"]
[Black "Upeksha, LH Ishitha"]
[Result "1-0"]
[WhiteElo "1046"]
[BlackElo "1017"]
[PlyCount "90"]
[EventDate "2021.12.17"]
[EventType "swiss"]
[EventRounds "9"]
[EventCountry "SRI"]
[SourceTitle "CBM 206 Extra"]
[Source "ChessBase"]
[SourceDate "2022.03.31"]
[SourceVersion "1"]
[SourceVersionDate "2022.03.31"]
[SourceQuality "1"]

1. e4 e6 2. d4 d5 3. e5 c5 4. c3 Nc6 5. Nf3 Qb6 6. a3 cxd4 7. cxd4 Bd7 8. Be2 Nge7 9. b4 a6 10. 0-0 Ng6 11. Qd3 Be7 12. Bb2 Nf4 13. Qe3 Nxe2+ 14. Qxe2 Nxb4 15. axb4 Bb5 16. Qd1 Bxf1 17. Kxf1 Qxb4 18. Ba3 Qb5+ 19. Qe2 Qxe2+ 20. Kxe2 Bxa3 21. Rxa3 Ke7 22. Ne1 b5 23. Nd3 a5 24. Nc5 Rhb8 25. Nd2 f6 26. f4 h6 27. Ndb3 a4 28. Nc1 fxe5 29. fxe5 g5 30. N1d3 b4 31. Rxa4 Rxa4 32. Nxa4 b3 33. Nab2 h5 34. Kf3 Kf7 35. h3 Ra8 36. g3 Rg8 37. Nc5 Ra8 38. h4 Ra2 39. Ncd3 g4+ 40. Ke3 Kg6 41. Kd2 Kf5 42. Kc3 Ke4 43. Nf4 Ra6 44. Nbd3 Kf5 45. Nxh5 Rb6 1-0